| 000 | 00869cam a22002775a 4500 | ||
|---|---|---|---|
| 001 | 16656415 | ||
| 005 | 20201128021504.0 | ||
| 008 | 110217s2012 enka frbd 001 0 eng d | ||
| 020 | _a0415584523 | ||
| 020 | _a 9780415584524 | ||
| 040 |
_aDLC _beng _cDLC _dEG-ScBUE |
||
| 082 | 0 | 4 |
_a610.736 _bWOO _222 |
| 100 | 1 |
_aWoodrow, Philip, _d1957- _938372 |
|
| 245 | 1 | 0 |
_aIntensive care nursing : _ba framework for practice / _cPhilip Woodrow. |
| 250 | _a3rd ed. | ||
| 260 |
_aOxon ; _aNew York : _bRoutledge / Taylor & Francis Group, _c2012. |
||
| 300 |
_axxv, 578 p. : _bill. ; _c25 cm. |
||
| 500 | _aGlossary : p. 485- 492. | ||
| 500 | _aIndex : p. 557-578. | ||
| 504 | _aBibliography : p. 493-556. | ||
| 650 | 7 |
_aIntensive care nursing. _2BUEsh _92174 |
|
| 651 | _2BUEsh | ||
| 653 |
_bNNUR _cAugust2015 |
||
| 655 |
_vReading book _934232 |
||
| 942 |
_2ddc _k610.736 WOO |
||
| 999 |
_c20522 _d20494 |
||